Statistiques concernant Plages de Normandie le Jour J

Cliquez ici pour prendre le quiz!

Statistiques générales

  • Ce quiz a été pris 105 fois
  • Le résultat moyen est 4 sur 5

Statistiques - réponses

Plage% Correct
Omaha
95%
Utah
82%
Juno
72%
Sword
61%
Gold
58%

Distribution des résultats

Percentile par nombre de réponses

% des personnes avec chaque résultat

Votre développement - résultats

Vous n’avez pas pris ce quiz